Match the British grades with American grades - Statistics

General Stats
  • This quiz has been taken 17 times
  • The average score is 9 of 13
Answer Stats
Hint Answer % Correct
Kindergarden reception
88%
9th Grade year 10
82%
1st Grade Year 2
82%
10th Grade year 11
76%
12th Grade year 13
76%
2nd Grade Year 3
76%
4th Grade Year 5
76%
6th Grade Year 7
71%
5th Grade Year 6
65%
7th Grade Year 8
65%
8th Grade Year 9
65%
11th Grade year 12
53%
3rd Grade Year 4
41%
No matching quizzes found
Score Distribution
Percent of People with Each Score
Percentile by Number Answered
Your Score History
You have not taken this quiz